000 00465nmm a2200157Ia 4500
008 251105s9999||||xx |||||||||||||||||und||
020 _a9789587411720
041 _aspa
100 _aMartínez Marrero, Emilio
245 0 _aCómo estudiar anatomía
264 _a[Bogotá, Colombia] :
_bUniversidad del Norte,
_c2012
300 _a32 páginas
650 _aBiology and natural sciences
856 _uhttps://public.digitaliapublishing.com/a/17366
942 _cCF
999 _c95904
_d95904